| 000 | 01175cam a2200301 a 4500 | ||
|---|---|---|---|
| 001 | 55475 | ||
| 005 | 20230410115830.0 | ||
| 008 | 040519s2003 ag b 000 0 spa | ||
| 010 | _a 2004423644 | ||
| 035 | _a(OCoLC)ocm56632814 | ||
| 040 |
_aDLC _cDLC |
||
| 020 | _a9509603619 | ||
| 020 | _a9789509603615 | ||
| 035 | _a(OCoLC)56632814 | ||
| 050 | 1 | 4 |
_aHM668 _b.B461f 2003 |
| 100 | 1 |
_aBenegas Lynch, Alberto, _c(h.), _d1940- |
|
| 245 | 1 | 3 |
_aEl fin de las libertades : _bel caso de la ingeniería social / _cAlberto Benegas Lynch (h.), Carlota Jackisch ; colaboradores, Guillermo Rodríguez, Roberto Dania. |
| 260 |
_aCiudad Autónoma de Buenos Aires : _bFundaciâon Friedrich A. von Hayek : _bLumiere, _cc2003. |
||
| 300 |
_a330 p. ; _c22 cm. |
||
| 504 | _aIncludes bibliographical references (p. [289]-303). | ||
| 505 | 0 | _aIngenieros sociales -- Algunas líneas argumentales opuestas a la ingeniería social -- Mises y Kirzner -- Aspectos fácticos de la ingeniería social. | |
| 650 | 0 | _aSocial engineering. | |
| 700 | 1 | _aJackisch, Carlota. | |
| 710 | 2 | _aFundación Friedrich A. von Hayek. | |
| 942 |
_2lcc _cbk |
||
| 994 |
_aC0 _bDRFGD |
||
| 946 | _aLspaulino | ||
| 999 |
_c48823 _d48823 |
||